<?xml version="1.0" encoding="UTF-8"?><collection xmlns="info:lc/xmlns/marcxchange-v2"><record format="Unimarc" type="bibliographic"><leader>00594cam  2200205   450 </leader><controlfield tag="001">1847605</controlfield><controlfield tag="003">http://id.bnportugal.gov.pt/bib/porbase/1847605</controlfield><controlfield tag="005">20030607115700.0</controlfield><datafield ind1=" " ind2=" " tag="010"><subfield code="a">1-55615-329-5</subfield></datafield><datafield ind1=" " ind2=" " tag="035"><subfield code="7">83314</subfield></datafield><datafield ind1=" " ind2=" " tag="095"><subfield code="a">PTBN00571012</subfield></datafield><datafield ind1=" " ind2=" " tag="100"><subfield code="a">19911210d1991    k  y0pory0103    ba</subfield></datafield><datafield ind1="0" ind2=" " tag="101"><subfield code="a">eng</subfield></datafield><datafield ind1=" " ind2=" " tag="102"><subfield code="a">US</subfield></datafield><datafield ind1="1" ind2=" " tag="200"><subfield code="a">MS-DOS programmer's reference</subfield><subfield code="e">version 5.0</subfield><subfield code="f">Microsoft Corporation</subfield></datafield><datafield ind1=" " ind2=" " tag="210"><subfield code="a">Washington</subfield><subfield code="c">Microsoft Press</subfield><subfield code="d">1991</subfield></datafield><datafield ind1=" " ind2=" " tag="215"><subfield code="a">V, 464 p.</subfield></datafield><datafield ind1=" " ind2=" " tag="675"><subfield code="a">621.3 (094.5)</subfield><subfield code="v">med</subfield><subfield code="z">por</subfield><subfield code="3">292154</subfield></datafield><datafield ind1="0" ind2="2" tag="710"><subfield code="a">Microsoft Corporation</subfield><subfield code="3">135822</subfield></datafield><datafield ind1=" " ind2="0" tag="801"><subfield code="a">PT</subfield><subfield code="b">BN</subfield><subfield code="g">RPC</subfield></datafield><datafield ind1=" " ind2=" " tag="977"><subfield code="1">ET-13-280</subfield><subfield code="2">coop</subfield><subfield code="4">UAVSD</subfield><subfield code="6">mq1234117</subfield><subfield code="7">bc</subfield><subfield code="8">coop</subfield><subfield code="9">UAVSD</subfield><subfield code="b">64828</subfield><subfield code="k">0</subfield></datafield><datafield ind1=" " ind2=" " tag="998"><subfield code="a">UAV8-134</subfield></datafield></record></collection>